000 00504nam a2200169Ia 4500
003 GCL
008 140319s9999 xx 000 0 eng d
040 _aGCL /
_cGCL
082 0 4 _a620.1
_bM I
100 1 _aD'AZZO, JOHN J.
245 1 0 _aINTRODUCTION TO ENGINEERING MATERIALS: BEHAVIOR, PROPERTIES AND SELECTION /
_cD'AZZO, JOHN J.
260 _a[S.N] :
_bMACMILLAN PUBLISHING COMPANY ،
_c1993
300 _a669 p
650 0 4 _aالتحليل الرياضى
650 0 4 _aMATERIALS
942 _2ddc
_cBK
999 _c16667
_d16667